Hisoria de la Filosofía IV - La filosofía del siglo XIX (Registro nro. 4056)
[ vista simple ]
| 000 -LEADER | |
|---|---|
| fixed length control field | 01145 a2200217 4500 |
| 001 - CONTROL NUMBER | |
| control field | 45892 |
| 005 - DATE AND TIME OF LATEST TRANSACTION | |
| control field | 20260407155731.0 |
| 008 - FIXED-LENGTH DATA ELEMENTS--GENERAL INFORMATION | |
| fixed length control field | 260407a arg spa d |
| 003 - CONTROL NUMBER IDENTIFIER | |
| control field | AR-UNSa-BCEJYS |
| 040 ## - CATALOGING SOURCE | |
| Original cataloging agency | AR-UNSa-BCEJYS |
| Language of cataloging | spa |
| Transcribing agency | AR-UNSa-BCEJYS |
| 080 ## - UNIVERSAL DECIMAL CLASSIFICATION NUMBER | |
| Universal Decimal Classification number | 101.1 |
| Common auxiliary subdivision | Naturaleza de la filosofía. La filosofía como ciencia. La filosofía como arte (pensamiento filosófico) |
| 100 1# - MAIN ENTRY--PERSONAL NAME | |
| Personal name | Caletti, Oberdan |
| 245 10 - TITLE STATEMENT | |
| Title | Hisoria de la Filosofía IV - La filosofía del siglo XIX |
| 264 #1 - PRODUCTION, PUBLICATION, DISTRIBUTION, MANUFACTURE, AND COPYRIGHT NOTICE | |
| Place of production, publication, distribution, manufacture | Buenos Aires : |
| Name of producer, publisher, distributor, manufacturer | Hachette |
| 300 ## - PHYSICAL DESCRIPTION | |
| Extent | 662 p. |
| Dimensions | 23 cm. |
| 505 ## - FORMATTED CONTENTS NOTE | |
| Formatted contents note | 1. La filosofía del romanticismo y el idealismo alemán – 2. La pedagogía del romanticismo y la escuela popular – 3. Oposiciones al y limitaciones del idealismo – 4. La filosofía italiana del “risorgimiento” – 5. El pensamiento político y económico-social en los grandes estados europeos – 6. La ciencia del siglo XIX – 7. La filosofía del positivismo – 8. La reacción contra el naturalismo y el resurgimiento del espiritualismo. |
| 590 ## - LOCAL NOTE (RLIN) | |
| Local note | niveau_biblio:m niveau_hierar:0 |
| 700 1# - ADDED ENTRY--PERSONAL NAME | |
| Personal name | Lamanna, E. Paolo |
| 700 1# - ADDED ENTRY--PERSONAL NAME | |
| Personal name | Mazía, Floreal |
| 942 ## - ADDED ENTRY ELEMENTS (KOHA) | |
| Koha item type | |
| Withdrawn status | Lost status | Damaged status | Not for loan | Home library | Current library | Shelving location | Date acquired | Total checkouts | Full call number | Barcode | Date last seen | Price effective from | Koha item type |
|---|---|---|---|---|---|---|---|---|---|---|---|---|---|
| Biblioteca Prof. Eusebio Cleto del Rey | Biblioteca Prof. Eusebio Cleto del Rey | 07/04/2026 | 101.1 L214 | L13728 | 07/04/2026 | 07/04/2026 | Libro | ||||||
| Biblioteca Prof. Eusebio Cleto del Rey | Biblioteca Prof. Eusebio Cleto del Rey | 07/04/2026 | 101.1 L214 | L13730 | 07/04/2026 | 07/04/2026 | Libro | ||||||
| Biblioteca Prof. Eusebio Cleto del Rey | Biblioteca Prof. Eusebio Cleto del Rey | 07/04/2026 | 101.1 L214 | L13729 | 07/04/2026 | 07/04/2026 | Libro | ||||||
| Biblioteca Prof. Eusebio Cleto del Rey | Biblioteca Prof. Eusebio Cleto del Rey | 07/04/2026 | 101.1 L214 | L13727 | 07/04/2026 | 07/04/2026 | Libro |